[Event "Elitzur Winter"]
[Site "Givataim ISR"]
[Date "2007.04.17"]
[Round "11"]
[White "Porat,I"]
[Black "Porat,Ma"]
[Result "1/2-1/2"]
[WhiteElo "2348"]
[BlackElo "2153"]

1.c4 e6 2.Nf3 d5 3.e3 Nf6 4.Nc3 c6 5.d4 Nbd7 6.Bd3 Be7 7.O-O O-O 8.e4 dxe4
9.Nxe4 Nxe4 10.Bxe4 Nf6 11.Bc2 h6 12.b3 b6 13.Bb2 Bb7 14.Qd3 Re8 15.Ne5 Qd6
16.Rfe1 c5  1/2-1/2

[Event "Reykjavik International"]
[Site "Reykjavik ISL"]
[Date "2007.04.17"]
[Round "7"]
[White "Halldorsson,J"]
[Black "Thorgeirsson,S"]
[Result "1/2-1/2"]
[WhiteElo "2186"]
[BlackElo "2029"]

1.d4 d5 2.c4 c6 3.Nf3 Nf6 4.Nc3 e6 5.e3 Nbd7 6.Qc2 Bd6 7.Bd3 dxc4 8.Bxc4 b5
9.Be2 Bb7 10.O-O O-O 11.Rd1 Qe7 12.e4 e5 13.dxe5 Nxe5 14.Nd4 Bc5 15.Nf5 Qe6
16.Be3 Bxe3 17.Nxe3 Rad8 18.f4 Ned7 19.e5 Nb6 20.Rxd8 Rxd8 21.Rd1 Rxd1+ 22.Qxd1 Nfd5
23.Nexd5 Nxd5 24.Qd4 a6 25.Ne4 g6 26.Nc5 Qe7 27.Bf3 h5 28.b4 Kh7 29.a3 Qc7
30.Nb3 Bc8 31.Bxd5 cxd5 32.Qc5 Qd7 33.Nd4 Qg4 34.Nf3 Be6 35.Qf8 Qxf4 36.h4 Qe3+
37.Kf1 Qf4 38.Kg1  1/2-1/2

[Event "Open"]
[Site "Metz FRA"]
[Date "2007.04.18"]
[Round "5"]
[White "Kalinitschew,S"]
[Black "Vignale,S"]
[Result "1-0"]
[WhiteElo "2488"]
[BlackElo "2088"]

1.d4 d5 2.c4 c6 3.Nc3 Nf6 4.e3 e6 5.Nf3 Be7 6.Bd3 Nbd7 7.e4 dxe4 8.Nxe4 Nxe4
9.Bxe4 Nf6 10.Bc2 O-O 11.O-O b6 12.Qe2 Qc7 13.Bg5 Bb7 14.c5 bxc5 15.dxc5 Qa5
16.Rfc1 Ba6 17.Qe5 Qd8 18.Qg3 Nd5 19.Qh4 g6 20.b4 Be2 21.Bxe7 Qxe7 22.Qxe7 Nxe7
23.Nd4 Ba6 24.Be4 Rac8 25.a4 e5 26.Nf3 f6 27.Rab1 Rb8 28.Rd1 f5 29.Bc2 Be2
30.Rd7 Nd5 31.Nxe5 Rxb4 32.Rxb4 Nxb4 33.Bb3+ Kh8 34.Nf7+ Kg7 35.Ng5+ Kh6
36.f4 Kh5 37.Rxh7+ Kg4 38.g3  1-0

[Event "XX Open"]
[Site "Benidorm ESP"]
[Date "2007.04.23"]
[Round "1"]
[White "Chatalbashev,B"]
[Black "Gomez Manzano,F"]
[Result "1-0"]
[WhiteElo "2546"]
[BlackElo "1943"]

1.d4 Nf6 2.c4 e6 3.Nf3 d5 4.Nc3 c6 5.e3 Bb4 6.Bd3 O-O 7.O-O Nbd7 8.Bd2 Re8
9.Nxd5 Bxd2 10.Nxf6+ Nxf6 11.Qxd2 h6 12.e4 b6 13.e5 Nd7 14.b4 Bb7 15.c5 Qe7
16.Qe3 a5 17.a3 bxc5 18.bxc5 f5 19.exf6 Nxf6 20.Rfe1 Bc8 21.Ne5 Qc7 22.Rab1 Ba6
23.Bg6 Re7 24.Bc2 Rae8 25.Rb6 Bb7 26.Reb1 Ba8 27.h3 g5 28.Qf3 Kg7 29.Qd3 Kg8
30.Qd1 Nd7 31.Ra1 Qd8  1-0

[Event "XX Open"]
[Site "Benidorm ESP"]
[Date "2007.04.23"]
[Round "2"]
[White "Saric,A"]
[Black "Moran Rodriguez,L"]
[Result "1-0"]
[WhiteElo "2496"]
[BlackElo "2139"]

1.d4 d5 2.c4 e6 3.Nc3 c6 4.e3 Nf6 5.Nf3 Nbd7 6.Qc2 Bd6 7.Be2 O-O 8.O-O Qe7
9.e4 dxe4 10.Nxe4 Nxe4 11.Qxe4 f5 12.Qc2 e5 13.c5 Bb8 14.Bg5 Qe8 15.dxe5 Nxe5
16.Rfe1 Nxf3+ 17.Bxf3 Qg6 18.Qc4+ Kh8 19.Qh4 f4 20.h3 Bc7 21.Rad1 h6 22.Be7 Rg8
23.Bd6 Bd8 24.Qxf4 Bg5 25.Be4 Qf6 26.Qxf6 Bxf6 27.b3 Bd7 28.Kf1 Be8 29.Bf3 Bf7
30.Be5 Bxe5 31.Rxe5 Be8 32.Rd6 Rf8 33.Re7 Rb8 34.Be4 Rf7 35.Rxf7 Bxf7 36.Rd7 Kg8
37.Ke2 Kf8 38.Kd3 Be6 39.Rc7 Rd8+ 40.Ke3 Rd7 41.Rxd7 Bxd7 42.Kd4 Ke7 43.Ke5 b6
44.b4 Be8 45.f4 Kd7 46.g4 Bf7 47.a3 Kc7 48.f5 bxc5 49.bxc5 Bc4 50.h4 Kd7
51.f6 gxf6+ 52.Kxf6  1-0

[Event "9th Open"]
[Site "Dubai UAE"]
[Date "2007.04.23"]
[Round "2"]
[White "Karavade,E"]
[Black "Al Modiahki,M"]
[Result "1/2-1/2"]
[WhiteElo "2343"]
[BlackElo "2556"]

1.d4 d5 2.c4 c6 3.Nc3 Nf6 4.e3 e6 5.Nf3 Nbd7 6.Bd3 dxc4 7.Bxc4 b5 8.Bd3 Bd6
9.O-O O-O 10.Qc2 Bb7 11.a3 Qe7 12.Ne4 Nxe4 13.Bxe4 f5 14.Bd3 c5 15.Be2 Rac8
16.Qd1 c4 17.Bd2 Bd5 18.Qe1 Nb6 19.Bc3 Na4 20.Ne5 Nxc3 21.Qxc3 Qb7 22.f3 a5
23.Qxa5 b4 24.Qa4 bxa3 25.Nxc4 axb2 26.Rab1 Bb8 27.Nxb2 Qc7 28.g3 Qc3 29.Kf2 Bb3
30.Qb5 f4 31.gxf4 Bxf4 32.exf4 Qxd4+ 33.Ke1 Qc3+ 34.Kf2 Qd4+ 35.Ke1 Qc3+
36.Kf2 Qd4+  1/2-1/2

[Event "15th Sigeman & Co"]
[Site "Malmo SWE"]
[Date "2007.04.23"]
[Round "6"]
[White "Hillarp Persson,T"]
[Black "L'Ami,E"]
[Result "1-0"]
[WhiteElo "2552"]
[BlackElo "2617"]

1.d4 d5 2.c4 c6 3.Nf3 Nf6 4.e3 e6 5.Nc3 Nbd7 6.a3 Bd6 7.g4 e5 8.g5 Ne4 9.cxd5 Nxc3
10.bxc3 cxd5 11.Qb3 Qc7 12.a4 O-O 13.h4 Nb6 14.Ba3 Bxa3 15.Qxa3 e4 16.a5 exf3
17.axb6 axb6 18.Qb2 Bf5 19.Kd2 Ra5 20.Rxa5 bxa5 21.Bb5 Rc8 22.Qb3 Be4 23.h5 Qd6
24.Rh4 h6 25.g6 f5 26.Rf4 Rc7 27.Bf1 Qc6 28.Bb5 Qe6 29.Bf1 b6 30.Bd3 Bxd3
31.Kxd3 Kf8 32.Rxf3 Ke7 33.Rf4 Kf6 34.Ke2 Kg5 35.Qb1 Kf6 36.Qh1 Ke7 37.Qh4+ Qf6
38.Qh3 Ke6 39.e4 dxe4 40.Rxe4+ Kd6 41.Re5 Qg5 42.Rxf5 Qg1 43.Re5 Rd7 44.Re6+ Kc7
45.Qf3  1-0

[Event "9th Open"]
[Site "Dubai UAE"]
[Date "2007.04.24"]
[Round "3"]
[White "Koneru,H"]
[Black "Taleb,M"]
[Result "1-0"]
[WhiteElo "2575"]
[BlackElo "2386"]

1.d4 d5 2.Nf3 Nf6 3.c4 c6 4.e3 e6 5.Nc3 Nbd7 6.Bd3 Bd6 7.O-O O-O 8.e4 dxc4
9.Bxc4 e5 10.Bg5 Qe7 11.d5 Nb6 12.Bb3 h6 13.Bh4 Bg4 14.dxc6 bxc6 15.h3 Bc8
16.Qc1 Be6 17.Nd1 Bxb3 18.axb3 Rfc8 19.Ne3 Qe6 20.Bxf6 Qxf6 21.Qc3 Qe6 22.Ra5 f6
23.Rfa1 Qf7 24.Ra6 Bf8 25.Nd2 Qb7 26.Qa5 Nd7 27.Rxa7 Rxa7 28.Qxa7 Qxa7 29.Rxa7 Nc5
30.Nec4 Ne6 31.Rb7 Nc5 32.Ra7 Ne6 33.g3 Bb4 34.Nf3 Nc5 35.Nd6 Rd8 36.Nf5 Rd7
37.Ne7+ Kf7 38.Rxd7 Nxd7 39.Nxc6 Bf8 40.Kf1 Nc5 41.Nd2 Ke6 42.Ke2 Kd6 43.Nb4 Ne6
44.Nc4+ Kc5 45.Nd3+ Kb5 46.Ke3 Nd4 47.f4 Nxb3 48.Na3+ Bxa3 49.bxa3 Na5 50.fxe5 Nc4+
51.Kd4 fxe5+ 52.Nxe5 Nxa3 53.Kd5 Nb1 54.Kd4 Nd2 55.g4 Nb3+ 56.Kd5 Nd2 57.Nd7 Ka6
58.Nc5+ Kb6 59.e5 Nf1 60.Kd6 Ne3 61.Nd7+ Kb7 62.e6 Nc4+ 63.Kc5 Nd2 64.e7  1-0

[Event "9th Open"]
[Site "Dubai UAE"]
[Date "2007.04.24"]
[Round "3"]
[White "Melkumyan,H"]
[Black "Sadyk,A"]
[Result "1-0"]
[WhiteElo "2406"]
[BlackElo "2208"]

1.d4 Nf6 2.c4 e6 3.Nc3 d5 4.Nf3 c6 5.e3 Nbd7 6.Qc2 Bb4 7.Bd3 Qc7 8.Bd2 dxc4
9.Bxc4 O-O 10.O-O e5 11.Nb5 Qa5 12.Bxb4 Qxb4 13.Nc7 e4 14.Nxa8 exf3 15.gxf3 b5
16.Be2 Bb7 17.Nc7 Qd6 18.Rac1 Qxc7 19.Bxb5 Qd6 20.Be2 Nd5 21.Kh1 Re8 22.Rg1 Qf6
23.Rg3 Nf8 24.a3 Ne6 25.Rcg1 g6 26.Bd3 Ng7 27.Be4 Bc8 28.Rg5 Bd7 29.f4 Qd6
30.Bd3 Nf6 31.Re5 Ng4 32.Rxe8+ Nxe8 33.Be4 Qe7 34.Bf3 Nxh2 35.Bxc6 Bg4 36.Qc5 Qh4
37.Qg5 Qxg5 38.fxg5 Bf3+ 39.Kxh2 Bxc6 40.Rc1 Bd7 41.Rc5 a6 42.e4 f6 43.gxf6 Nxf6
44.f3 Kf7 45.Rc7 Ke6 46.Ra7 Bb5 47.a4 Be2 48.Kg3 g5 49.Kf2 Bc4 50.b3 Bd3
51.Ke3 Bf1 52.d5+ Kd6 53.Rf7 Nd7 54.Kd4  1-0

[Event "FMA Masters"]
[Site "Madrid ESP"]
[Date "2007.04.25"]
[Round "9"]
[White "Mirzoev,A"]
[Black "Campora,D"]
[Result "1/2-1/2"]
[WhiteElo "2535"]
[BlackElo "2532"]

1.d4 Nf6 2.c4 c6 3.Nc3 d5 4.Nf3 e6 5.e3 Nbd7 6.Bd3 dxc4 7.Bxc4 b5 8.Bd3 b4
9.Ne4 Bb7 10.O-O c5 11.Nxf6+ gxf6 12.a3 bxa3 13.b3 Qb6 14.Bxa3 cxd4 15.Nxd4 Rg8
16.f3 Rg5 17.Rf2 Rd8 18.Qf1 Bc5 19.Bxc5 Nxc5 20.Bc4 Kf8 21.Qb1 Kg7 22.Rfa2 Re5
23.Qc1 Ra8 24.Qe1 a6 25.Qg3+ Rg5 26.Qh3 Rg6 27.Qh4 Kh8 28.Qe1 Rag8 29.Rf2 Qd6
30.Ne2 Rh6 31.Nf4 Nd7 32.Qd1 Qc6 33.Rc1 Ne5 34.Bxe6 Qb6 35.Qd4 Qxd4 36.exd4 fxe6
37.dxe5 fxe5 38.Nd3 Rh5 39.Re1 Bd5 40.b4 Rh4 41.Rxe5 Rd4 42.Re3 Bc4 43.Ne1 Rb8
44.Rb2 a5 45.b5 a4 46.b6 Bb3 47.Nd3 Rxb6 48.Nc5 Rdb4 49.Rc3 a3 50.Rbxb3 a2
51.Ra3 Rb1+ 52.Kf2 a1=Q 53.Rxa1 Rxa1 54.Nd3 Ra2+ 55.Kg3 Rb8 56.Kh3 Rf8 57.f4 Re2
58.Nc1 Re1 59.g3 Rd8 60.Kg4 Rh1 61.h4 Rg8+ 62.Kf3 Rf1+ 63.Ke2 Rh1 64.Kf3 Rb8
65.Ne2 Rf1+ 66.Kg2 Rfb1 67.Nd4 R1b6 68.Re3 Re8 69.Kf3 Rd6 70.Re4 Kg8 71.Ke3 Kf7
72.Nf3 Kf6 73.g4 Ra8 74.Rb4 Ra7 75.h5 Rda6 76.Ne5 Ra3+ 77.Ke4 R7a4 78.Rxa4 Rxa4+
79.Kf3 Ra1 80.Ke4 Re1+ 81.Kf3 Ke7 82.g5 Rh1 83.h6 Rf1+ 84.Ke4 Re1+ 85.Kd4  1/2-1/2

[Event "VI It"]
[Site "Sao Jose do Rio Preto ARG"]
[Date "2007.04.25"]
[Round "7"]
[White "Santos,Marcu"]
[Black "Oliveira,Si"]
[Result "1-0"]
[WhiteElo "2401"]
[BlackElo "2187"]

1.d4 d5 2.c4 c6 3.Nc3 Nf6 4.e3 e6 5.Nf3 Nbd7 6.Bd3 dxc4 7.Bxc4 b5 8.Bd3 Bb7
9.e4 b4 10.Na4 c5 11.e5 Nd5 12.O-O cxd4 13.Re1 g6 14.Bd2 Bg7 15.Bb5 a6 16.Nc5 axb5
17.Nxb7 Qb6 18.Nd6+ Ke7 19.Bg5+ Kf8 20.Rc1 h6 21.Bh4 Nxe5 22.Nxe5 Bxe5 23.Nxf7 Bxh2+
24.Kxh2 Kxf7 25.Qf3+ Kg7 26.Bg3 Rhf8 27.Be5+ Kh7 28.Qe4 Rxf2 29.Bxd4 Qd6+
30.Be5 Qe7 31.Bg3 Rf5 32.Qxe6 Qxe6 33.Rxe6 Rxa2 34.Be5 Kg8 35.Rxg6+ Kf7 36.Rg7+ Ke6
37.Bd4 Rh5+ 38.Kg1 Nf4 39.Re1+ Kd5 40.Bf6 Nd3 41.Rd7+ Kc4 42.Rd4+  1-0

[Event "XX Open"]
[Site "Benidorm ESP"]
[Date "2007.04.28"]
[Round "7"]
[White "Chatalbashev,B"]
[Black "Saric,A"]
[Result "1/2-1/2"]
[WhiteElo "2546"]
[BlackElo "2496"]

1.d4 e6 2.c4 Nf6 3.Nf3 d5 4.Nc3 c6 5.e3 Nbd7 6.Bd3 dxc4 7.Bxc4 b5 8.Bd3 b4
9.Ne4 Nxe4 10.Bxe4 Bb7 11.Qa4 Qb6 12.Nd2 Rc8 13.Nc4 Qa6 14.Qxa6 Bxa6 15.Bd3 c5
16.Nd6+ Bxd6 17.Bxa6 Rc7 18.dxc5 Nxc5  1/2-1/2

[Event "9th Open"]
[Site "Dubai UAE"]
[Date "2007.04.28"]
[Round "7"]
[White "Karavade,E"]
[Black "Sukandar,I"]
[Result "1/2-1/2"]
[WhiteElo "2343"]
[BlackElo "2217"]

1.d4 d5 2.c4 c6 3.Nc3 Nf6 4.e3 e6 5.Nf3 Nbd7 6.Bd3 Bd6 7.O-O O-O 8.e4 dxe4
9.Nxe4 Nxe4 10.Bxe4 h6 11.Bc2 e5 12.Qd3 f5 13.c5 Bc7 14.Qb3+ Kh8 15.dxe5 Nxe5
16.Re1 Qf6 17.Bf4 Nxf3+ 18.Qxf3 Bxf4 19.Qxf4 Be6 20.Re5 Rae8 21.Rae1 Qf7
22.h4 Bd7 23.Qd4 Rxe5 24.Rxe5 Re8 25.Bb3 Qh5 26.g3 Rxe5 27.Qxe5 Qe8 28.Qxe8+ Bxe8
29.Be6 g6 30.h5 Kg7 31.hxg6 Kxg6 32.Bc8 b6 33.b4 bxc5 34.bxc5 Kf6 35.f4 Bf7
36.a3 Be6 37.Bb7 Bd5 38.Kf2 Kg6 39.Ba6 Kf6 40.Ke3 Bg2 41.Be2 Bd5 42.Kd4 Bg2
43.Bc4 Bf3 44.Kc3 Kg6 45.Bd3 Kf6 46.Kb4  1/2-1/2

[Event "President's Cup Rapid"]
[Site "Ankara TUR"]
[Date "2007.04.29"]
[Round "8"]
[White "Olcayoz,A"]
[Black "Esen,B"]
[Result "1/2-1/2"]
[WhiteElo "2315"]
[BlackElo "2455"]

1.d4 d5 2.c4 e6 3.Nc3 c6 4.e3 Nf6 5.Nf3 Nbd7 6.Qc2 Bd6 7.b3 O-O 8.Be2 b6
9.O-O Bb7 10.e4 dxe4 11.Nxe4 Nxe4 12.Qxe4 Re8 13.Bf4 c5 14.Qxb7 Bxf4 15.Rfd1 Qc7
16.Qxc7 Bxc7 17.dxc5 Nxc5 18.b4 Ne4 19.Rd7 Rac8 20.c5 Nf6 21.c6 Red8 22.Rxd8+ Rxd8
23.Rd1 Rxd1+ 24.Bxd1 Nd5 25.Nd4 a6 26.a3 Be5 27.Nc2 Kf8 28.Ne3 Nxe3 29.fxe3 Ke7
30.a4 Bd6 31.b5 axb5 32.axb5 f5 33.g3  1/2-1/2

[Event "I Open Casino"]
[Site "Lugano SUI"]
[Date "2007.04.30"]
[Round "3"]
[White "Vozza,N"]
[Black "Pace,P"]
[Result "0-1"]
[WhiteElo "1995"]
[BlackElo "2220"]

1.d4 d5 2.c4 c6 3.Nc3 Nf6 4.e3 e6 5.Nf3 Nbd7 6.Qc2 Bd6 7.Bd2 O-O 8.Be2 Re8
9.O-O dxc4 10.e4 e5 11.dxe5 Nxe5 12.Nxe5 Bxe5 13.Bxc4 Qd6 14.h3 Nh5 15.Be2 Nf4
16.Bxf4 Bxf4 17.Rfd1 Qg6 18.Rd3 Be6 19.Rf3 Be5 20.Rd1 Rad8 21.Rxd8 Rxd8 22.Rd3 Qf6
23.Rxd8+ Qxd8 24.a3 g6 25.Qd3 Qg5 26.Bf1 h5 27.g3 h4 28.f4 Bxf4 29.g4 Bc7
30.Qe2 Qf4 31.Bg2 b5 32.e5 Bxe5 33.Bxc6 Bc4  0-1

[Event "TCh-FRA Top 16"]
[Site "Montpellier FRA"]
[Date "2007.04.30"]
[Round "6"]
[White "Neiman,E"]
[Black "Libiszewski,F"]
[Result "0-1"]
[WhiteElo "2386"]
[BlackElo "2486"]

1.d4 d5 2.c4 c6 3.Nf3 Nf6 4.e3 e6 5.Nc3 a6 6.c5 b6 7.cxb6 Nbd7 8.Bd3 Qxb6
9.O-O c5 10.Bd2 Bd6 11.Na4 Qb8 12.Rc1 c4 13.Bb1 O-O 14.Nc3 Qxb2 15.e4 dxe4
16.Nxe4 Be7 17.Ne5 Nxe5 18.Bc3 Qb5 19.dxe5 Nxe4 20.Bxe4 Bb7 21.Rb1 Bxe4 22.Rxb5 axb5
23.Qd7 b4 24.Bd4 Rfe8 25.Re1 Bd5 26.f4 Bf8 27.f5 Re7 28.Qb5 Rb7 29.Bb6 Rab8
30.fxe6 Bxe6  0-1

[Event "TCh-FRA Top 16"]
[Site "Montpellier FRA"]
[Date "2007.04.30"]
[Round "6"]
[White "Postny,E"]
[Black "Hamdouchi,H"]
[Result "1/2-1/2"]
[WhiteElo "2622"]
[BlackElo "2598"]

1.d4 d5 2.c4 c6 3.Nc3 Nf6 4.e3 e6 5.Nf3 Nbd7 6.Qc2 Bd6 7.b3 O-O 8.Be2 b6
9.O-O Bb7 10.Bb2 Qe7 11.Rfe1 Rac8 12.e4 Nxe4 13.Nxe4 dxe4 14.Qxe4 Ba3 15.Bc3 Bb4
16.Rac1 Nf6 17.Qe3 Bxc3 18.Rxc3 c5 19.dxc5 Rxc5 20.Rd3 Rcc8 21.Ne5 Qc7 22.Bf3 Bxf3
23.Qxf3 Rcd8 24.Rxd8 Rxd8 25.Rd1 Rxd1+ 26.Qxd1 Kf8 27.Qd4 Ke7 28.h3 a5 29.a3 Qd6
30.Qxd6+ Kxd6 31.Nxf7+ Kc5 32.Ng5 a4 33.bxa4 e5 34.Ne6+ Kxc4 35.Nxg7 Kb3
36.g4 Kxa3 37.g5 Nd5 38.Nh5 Kxa4 39.Nf6 Nf4 40.Nxh7 b5 41.Kh2 b4 42.Nf6 b3
43.Ne4 b2 44.Nd2 Kb4 45.h4 Kc3 46.Nb1+ Kc2 47.Na3+ Kb3 48.Nb1 Kc2 49.Na3+ Kb3  1/2-1/2

[Event "TCh-FRA Top 16"]
[Site "Montpellier FRA"]
[Date "2007.05.01"]
[Round "7"]
[White "Lautier,J"]
[Black "Roos,D"]
[Result "1/2-1/2"]
[WhiteElo "2661"]
[BlackElo "2414"]

1.d4 d5 2.c4 c6 3.Nf3 Nf6 4.Nc3 e6 5.e3 Nbd7 6.Bd3 Be7 7.O-O O-O 8.b3 b6
9.e4 dxe4 10.Nxe4 Bb7 11.Ng3 Qc7 12.Bd2 Rad8 13.Qe2 Rfe8 14.Rad1 c5 15.Rfe1 cxd4
16.Nxd4 Bb4  1/2-1/2

[Event "TCh-RUS"]
[Site "Sochi RUS"]
[Date "2007.05.02"]
[Round "1"]
[White "Volkov,Sergey1"]
[Black "Khalifman,A"]
[Result "1/2-1/2"]
[WhiteElo "2640"]
[BlackElo "2624"]

1.d4 d5 2.c4 c6 3.Nc3 Nf6 4.e3 e6 5.Nf3 Nbd7 6.Bd3 dxc4 7.Bxc4 b5 8.Be2 Bb7
9.O-O Be7 10.e4 b4 11.e5 bxc3 12.exf6 Bxf6 13.bxc3 c5 14.dxc5 O-O 15.Ba3 Be7
16.Qd4 Qc7 17.Rab1 Rab8 18.c6 Bxa3 19.cxd7 Bc5 20.Qd3 Be7 21.Rfd1 Rfd8 22.Qe3 Rxd7
23.Rxd7 Qxd7 24.Ba6 Qc8 25.Qf4 Bd8 26.Ne5 f6 27.Qa4 Bb6 28.Nd7 Bxa6 29.Nxb8 Qxb8
30.Qxa6 Bxf2+ 31.Kxf2 Qxb1 32.Qxe6+ Kf8 33.Qb3 Qf5+ 34.Kg1 Qc5+  1/2-1/2

[Event "TCh-RUS"]
[Site "Sochi RUS"]
[Date "2007.05.02"]
[Round "1"]
[White "Popov,Val"]
[Black "Belov,Vl"]
[Result "1/2-1/2"]
[WhiteElo "2589"]
[BlackElo "2586"]

1.d4 d5 2.c4 c6 3.Nc3 Nf6 4.e3 e6 5.Nf3 Nbd7 6.Bd3 dxc4 7.Bxc4 b5 8.Bd3 Bb7
9.O-O a6 10.a4 b4 11.Ne4 c5 12.Nxf6+ Nxf6 13.dxc5 Bxc5 14.Qe2 O-O 15.e4 e5
16.Bg5 h6 17.Bh4 Qe7 18.Bg3 Bd6 19.Rfd1 a5 20.Rac1 Rfc8  1/2-1/2

[Event "2nd President's Cup"]
[Site "Baku AZE"]
[Date "2007.05.03"]
[Round "1"]
[White "Laciner,K"]
[Black "Novruzov,E"]
[Result "0-1"]
[WhiteElo "2304"]
[BlackElo "1993"]

1.d4 d5 2.c4 c6 3.Nc3 Nf6 4.e3 e6 5.Nf3 Nbd7 6.Qc2 Bd6 7.g4 Nxg4 8.Rg1 Qf6
9.Rxg4 Qxf3 10.Rxg7 Nf6 11.Rg5 Qh1 12.f4 h5 13.Bd2 Qxh2 14.O-O-O Rg8 15.Rxg8+ Nxg8
16.Qh7 Nf6 17.Qh8+ Ke7 18.Re1 Rb8 19.cxd5 cxd5 20.Qh6 Bd7 21.f5 Rg8 22.fxe6 Rg6
23.Qh8 Rg8 24.Nxd5+ Nxd5 25.Qxg8 Bxe6 26.e4 Bf4 27.Qg2 Qh4 28.Bxf4 Qxe1+
29.Kc2 Nb4+  0-1

[Event "TCh-RUS"]
[Site "Sochi RUS"]
[Date "2007.05.03"]
[Round "2"]
[White "Lysyj,I"]
[Black "Harikrishna,P"]
[Result "1/2-1/2"]
[WhiteElo "2590"]
[BlackElo "2650"]

1.d4 d5 2.c4 c6 3.Nc3 Nf6 4.Nf3 e6 5.e3 Nbd7 6.Qc2 Bd6 7.g4 dxc4 8.Bxc4 e5
9.g5 Nd5 10.Bd2 exd4 11.Qe4+ Ne7 12.Qxd4 Nf5 13.Qe4+ Ne7 14.Qd4 Nf5 15.Qe4+ Ne7
16.Qc2 Nb6 17.Be2 Bf5 18.Ne4 Bc7 19.Nh4 Bxe4 20.Qxe4 Qd5 21.Qxd5 Nbxd5 22.Ng2 O-O-O
23.O-O-O f5 24.gxf6 Nxf6 25.Be1 Rde8 26.h4 Ned5 27.h5 Rhf8 28.Rh3 Ne4 29.Rf3 Ng5  1/2-1/2

[Event "TCh-RUS HL"]
[Site "Sochi RUS"]
[Date "2007.05.04"]
[Round "2"]
[White "Goncharov,Vl"]
[Black "Shalimov,V UKR"]
[Result "1-0"]
[WhiteElo "2310"]
[BlackElo "2381"]

1.d4 Nf6 2.c4 e6 3.Nf3 d5 4.Nc3 c6 5.e3 Nbd7 6.Bd3 Be7 7.O-O O-O 8.Qe2 b6
9.e4 dxe4 10.Nxe4 c5 11.Rd1 Bb7 12.dxc5 bxc5 13.b3 Qc7 14.Bb2 Rfd8 15.Neg5 Qc6
16.Bxf6 gxf6 17.Bxh7+ Kg7 18.Be4 Qc7 19.Bxb7 Qxb7 20.Ne4 Nf8 21.Ng3 Ng6 22.Rxd8 Rxd8
23.Re1 a5 24.h4 Rh8 25.h5 Nf4 26.Qd2 Nxh5 27.Nxh5+ Rxh5 28.Qxa5 Rh8 29.Qc3 Qc7
30.Re4 Kf8 31.a4 Rg8 32.Qd2 Qb7 33.Re3 f5 34.Rd3 Ke8 35.Qf4 f6 36.Qh4 Qe4
37.Qh5+ Kf8 38.Re3 Qg4 39.Qxg4 fxg4 40.Ne1 Kf7 41.Rd3 e5 42.Nc2 e4 43.Re3 f5
44.Re1 Bf6 45.Ne3 Ke6 46.g3 Bd4 47.Nd5 Rb8 48.Rb1 Ke5 49.Kg2 Kd6  1-0

[Event "TCh-RUS"]
[Site "Sochi RUS"]
[Date "2007.05.04"]
[Round "3"]
[White "Yakovich,Yur"]
[Black "Najer,E"]
[Result "1/2-1/2"]
[WhiteElo "2600"]
[BlackElo "2624"]

1.d4 d5 2.c4 c6 3.Nc3 Nf6 4.e3 e6 5.Nf3 a6 6.Qc2 c5 7.cxd5 exd5 8.Be2 cxd4
9.exd4 Nc6 10.Bg5 Be7 11.Rd1 h6 12.Bh4 Nh5 13.Bxe7 Nxe7 14.Ne5 Nf4 15.O-O O-O
16.Rfe1 Qd6 17.Bf3 Bf5 18.Qd2 Ne6 19.Re3 f6 20.Nd3 Nxd4 21.Bxd5+ Nxd5 22.Nxd5 Qxd5
23.Nb4 Nf3+ 24.gxf3 Qf7 25.Nd5 Rae8 26.Qb4 Be6 27.Qd6 Kh7 28.b3 Bxd5  1/2-1/2

[Event "TCh-RUS"]
[Site "Sochi RUS"]
[Date "2007.05.04"]
[Round "3"]
[White "Korotylev,A"]
[Black "Smirnov,P"]
[Result "1/2-1/2"]
[WhiteElo "2620"]
[BlackElo "2631"]

1.d4 d5 2.c4 e6 3.Nc3 c6 4.e3 Nf6 5.Nf3 Nbd7 6.Be2 Bd6 7.O-O O-O 8.b3 b6
9.Qc2 Bb7 10.Bb2 Qe7 11.Rad1 Rad8 12.Rfe1 Rfe8 13.e4 Nxe4 14.Nxe4 dxe4 15.Qxe4 Bb4
16.Rf1 Bd6 17.Ne5 f5 18.Qe3 c5 19.Nxd7 Rxd7 20.dxc5 Bxc5 21.Rxd7 Qxd7 22.Qg3 Rd8
23.h3 Qe7 24.Rd1 Rxd1+  1/2-1/2

[Event "TCh-RUS"]
[Site "Sochi RUS"]
[Date "2007.05.04"]
[Round "3"]
[White "Volkov,Sergey1"]
[Black "Lastin,A"]
[Result "1-0"]
[WhiteElo "2640"]
[BlackElo "2590"]

1.d4 d5 2.c4 c6 3.Nc3 Nf6 4.e3 e6 5.Nf3 a6 6.Bd3 dxc4 7.Bxc4 b5 8.Bd3 c5
9.a4 b4 10.Ne4 Nbd7 11.O-O Bb7 12.Nxf6+ Nxf6 13.dxc5 Bxc5 14.Qe2 Qd5 15.Rd1 Qh5
16.h3 O-O 17.e4 Rfc8 18.Bf4 Be7 19.Rd2 b3 20.Bg5 Bb4 21.Rdd1 Nd7 22.a5 h6
23.Bf4 Nc5 24.Bb1 e5 25.Bxe5 Ne6 26.Bd3 Ng5 27.Nxg5 Qxg5 28.Bg3 Qc5 29.Bf4 Bxa5
30.Ra3 Bb4 31.Rxb3 a5 32.Bb1 Ba6 33.Qg4 h5 34.Qh4 Be2 35.Rd5 Qe7 36.Qxe7 Bxe7
37.Rb7 Bb4 38.Rf5 Bc4 39.Rxh5 g6 40.Rg5 Bb3 41.Bd3 Rd8 42.Rg3 Rac8 43.h4 Bc4
44.Bxc4 Rxc4 45.h5 Rxe4 46.hxg6 f6 47.Rh3  1-0

[Event "5th Rapid"]
[Site "Brussels BEL"]
[Date "2007.05.06"]
[Round "10"]
[White "Sokolov,Iv NED"]
[Black "Habu,Y"]
[Result "1-0"]
[WhiteElo "2655"]
[BlackElo "2404"]

1.d4 d5 2.c4 c6 3.Nf3 Nf6 4.Nc3 e6 5.e3 Nbd7 6.Bd3 dxc4 7.Bxc4 b5 8.Bd3 Bb7
9.e4 b4 10.Na4 c5 11.e5 Nd5 12.O-O cxd4 13.Re1 g6 14.Bg5 Qa5 15.Nxd4 a6 16.Bd2 Qd8
17.Qg4 Bg7 18.Bg5 Ne7 19.Rad1 Nxe5 20.Nxe6 fxe6 21.Bxg6+ N5xg6 22.Rxd8+ Rxd8
23.Bxe7 Nxe7 24.Nc5 Bd5 25.Nxe6 Bxe6 26.Qxg7 Rg8 27.Qxh7 Rd6 28.h4 Kd7 29.h5 Rd4
30.g3 a5 31.h6 Rg6 32.Qh8 Rh4 33.h7 Bd5 34.Rxe7+ Kxe7 35.Qe5+  1-0

[Event "TCh-RUS HL"]
[Site "Sochi RUS"]
[Date "2007.05.06"]
[Round "4"]
[White "Evdokimov,Alexa"]
[Black "Makarov,M"]
[Result "1/2-1/2"]
[WhiteElo "2530"]
[BlackElo "2515"]

1.d4 Nf6 2.c4 e6 3.Nf3 d5 4.Nc3 c6 5.e3 Nbd7 6.Qc2 Bd6 7.Be2 O-O 8.O-O dxc4
9.Bxc4 a6 10.Rd1 b5 11.Be2 Qc7 12.e4 e5 13.Bg5 Re8 14.Rac1 exd4 15.Rxd4 h6
16.Bh4 Ng4  1/2-1/2

[Event "TCh-RUS HL"]
[Site "Sochi RUS"]
[Date "2007.05.06"]
[Round "4"]
[White "Tihonov,J"]
[Black "Beshukov,S"]
[Result "1-0"]
[WhiteElo "2537"]
[BlackElo "2461"]

1.d4 d5 2.c4 e6 3.Nf3 Nf6 4.Nc3 c6 5.e3 Nbd7 6.Qc2 b6 7.Bd3 Bb7 8.O-O Be7
9.Rd1 O-O 10.b3 Rc8 11.Bb2 c5 12.cxd5 exd5 13.dxc5 bxc5 14.Bf5 g6 15.Bh3 Qc7
16.Rac1 Rcd8 17.Na4 Ne4 18.Nd2 Nb6 19.Nxe4 dxe4 20.Nc3 Rxd1+ 21.Rxd1 Rd8
22.g3 Rxd1+ 23.Qxd1 Qd6 24.Qc2 Qd3 25.Qc1 Qd6 26.Bf1 Nd7 27.Qc2 Ne5 28.Be2 Nf3+
29.Kh1 Qd7 30.Bf1 Qf5 31.h3 Ne1 32.Qd2 Nd3 33.f4 Nxb2 34.Qxb2 Bf6 35.Qd2 Qe6
36.Kh2 Bxc3 37.Qxc3 Ba6 38.Bg2 Qd5 39.Qa5 Be2 40.Qxa7 Bf3 41.Qb8+ Kg7 42.Bxf3 exf3
43.Qe5+ Qxe5 44.fxe5  1-0

[Event "TCh-RUS"]
[Site "Sochi RUS"]
[Date "2007.05.07"]
[Round "6"]
[White "Grigoriants,S RUS"]
[Black "Smirnov,P"]
[Result "1/2-1/2"]
[WhiteElo "2594"]
[BlackElo "2631"]

1.d4 d5 2.c4 e6 3.Nc3 c6 4.e3 Nf6 5.Nf3 Nbd7 6.Qc2 Bd6 7.b3 O-O 8.Bb2 e5
9.cxd5 cxd5 10.dxe5 Nxe5 11.Be2 Bg4 12.Nd4 Rc8 13.f3 Bh5 14.O-O Bg6 15.Qd2 Nc6
16.Ncb5 Bb8 17.Rfe1 Re8 18.Bf1 Ne5 19.Rac1 Rxc1 20.Rxc1 a6 21.Nc3 Qd6 22.g3 h5
23.Nd1 Ba7 24.Be2 Bb8 25.Bf1 Ba7  1/2-1/2

[Event "FSIM May"]
[Site "Budapest HUN"]
[Date "2007.05.08"]
[Round "3"]
[White "Galyas,M"]
[Black "Wilke,W"]
[Result "1-0"]
[WhiteElo "2444"]
[BlackElo "2253"]

1.d4 d5 2.c4 c6 3.Nc3 Nf6 4.e3 e6 5.Nf3 Nbd7 6.Qc2 Bd6 7.Bd3 dxc4 8.Bxc4 e5
9.O-O O-O 10.Bb3 Qc7 11.h3 b6 12.Bd2 Ba6 13.Rfe1 Rad8 14.Ng5 c5 15.Nd5 Qb7
16.dxe5 Bxe5 17.Ne7+ Kh8 18.Bxf7 Nb8 19.Qxh7+  1-0

[Event "TCh-RUS HL"]
[Site "Sochi RUS"]
[Date "2007.05.08"]
[Round "6"]
[White "Turov,M"]
[Black "Askarov,M"]
[Result "1-0"]
[WhiteElo "2553"]
[BlackElo "2561"]

1.d4 d5 2.c4 c6 3.Nc3 Nf6 4.e3 e6 5.Nf3 Nbd7 6.Bd3 Bd6 7.O-O O-O 8.e4 dxc4
9.Bxc4 e5 10.Be3 Qe7 11.Qc2 b5 12.Bb3 Bb7 13.dxe5 Nxe5 14.Nxe5 Bxe5 15.f3 a5
16.a4 Qd6 17.g3 Bd4 18.Bxd4 Qxd4+ 19.Kg2 b4 20.Rad1 Qe5 21.Nb1 Ba6 22.Rf2 c5
23.Nd2 Rad8 24.Nc4 Qc7 25.Rfd2 g6 26.Rxd8 Rxd8 27.Rxd8+ Qxd8 28.Qd2 Qxd2+
29.Nxd2 Nd7 30.Bc4 Bc8 31.Bb5 Nb6 32.Nb3 c4 33.Nxa5 Be6 34.Kf2 b3 35.Nxb3 cxb3
36.a5 Nc8 37.e5 Kf8 38.Ke3 Ke7 39.Kd4 Kd8 40.Kc5 Kc7 41.f4 Kb7 42.Be2 h5
43.Bc4 Bxc4 44.Kxc4 Ka6 45.Kxb3 Kxa5 46.Kc4 Kb6 47.Kd5 Kc7 48.e6 Kd8 49.exf7 Ke7
50.f8=Q+ Kxf8 51.Ke6 Kg7 52.f5 gxf5 53.Kxf5 Kh6 54.h4 Nd6+  1-0

[Event "TCh-RUS"]
[Site "Sochi RUS"]
[Date "2007.05.08"]
[Round "7"]
[White "Ibragimov,I"]
[Black "Kazhgaleyev,M"]
[Result "1-0"]
[WhiteElo "2602"]
[BlackElo "2603"]

1.d4 d5 2.c4 c6 3.Nc3 Nf6 4.e3 e6 5.Nf3 a6 6.b3 c5 7.Bb2 cxd4 8.Nxd4 dxc4
9.Bxc4 Bd6 10.O-O O-O 11.Qc2 Qe7 12.Rad1 Nbd7 13.Be2 Re8 14.h3 Rb8 15.Rd2 Bb4
16.Ra1 g6 17.a3 Bd6 18.b4 e5 19.Ndb5 axb5 20.Nxb5 Bxb4 21.axb4 Nf8 22.Nd6 Bf5
23.Nxf5 gxf5 24.Qxf5 Ng6 25.Rad1 Kh8 26.Rd6 Kg7 27.f4 h6 28.Bb5 Nh4 29.Qxe5 Qxe5
30.fxe5  1-0

[Event "TCh-RUS"]
[Site "Sochi RUS"]
[Date "2007.05.09"]
[Round "8"]
[White "Dyachkov,S"]
[Black "Grigoriants,S RUS"]
[Result "1/2-1/2"]
[WhiteElo "2566"]
[BlackElo "2594"]

1.Nf3 Nf6 2.c4 c6 3.Nc3 d5 4.d4 e6 5.e3 a6 6.Qc2 c5 7.cxd5 exd5 8.Be2 cxd4
9.exd4 Be7 10.h3 Nc6 11.O-O O-O 12.Bg5 Be6 13.Rfe1 h6 14.Bf4 Rc8 15.Bf1 Nh5
16.Bh2 b5 17.Qd1 Nf6 18.Bd3 Qb6 19.Rc1 Na5 20.Bb1 Nc4 21.Re2 Rfe8 22.Bf4 Bf8
23.Bd3 Qa5 24.b3 Nb6 25.Nb1 Rxc1  1/2-1/2